Normal view
MARC view
- Chattha, Naveed Ashraf
Entry Personal Name
001 - CONTROL NUMBER
- control field: 35120
003 - CONTROL NUMBER IDENTIFIER
- control field: NUST
005 - DATE AND TIME OF LATEST TRANSACTION
- control field: 20201111113056.0
008 - FIXED-LENGTH DATA ELEMENTS
- fixed length control field: 201111|| aca||aabn | a|a d
040 ## - CATALOGING SOURCE
- Original cataloging agency: NUST
- Transcribing agency: NUST
100 ## - HEADING--PERSONAL NAME
- Personal name: Chattha, Naveed Ashraf
670 ## - SOURCE DATA FOUND
- Source citation: Work cat.: (NUST): Chattha, Naveed Ashraf, Analysis of Security Weaknesses in NFC Applications on Android and Propose Policy Framework for Adoption /, 2017
